Искусствознание и педагогика. Вып. 8: VIII Международная межвузовская научно-практическая конференция, 16 декабря 2020 года (Запись № 12104003)

Подробности
000 -МАРКЕР
контрольное поле 01997nam2a2200289 4500
001 - ИДЕНТИФИКАТОР ЗАПИСИ
контрольное поле RU\NLR\BIBL_A\012475918
005 - ИДЕНТИФИКАТОР ВЕРСИИ
контрольное поле 20250624043852.0
010 ## - МЕЖДУНАРОДНЫЙ СТАНДАРТНЫЙ НОМЕР КНИГИ (ISBN)
Номер (ISBN) 978-5-00045-961-4
Тираж 500
035 ## - ДРУГИЕ СИСТЕМНЫЕ НОМЕРА
Идентификатор записи (NLR Aleph) 012475918
100 ## - ДАННЫЕ ОБЩЕЙ ОБРАБОТКИ
Данные общей обработки 20210316d2020 |||y0rusy50 ca
101 0# - ЯЗЫК РЕСУРСА
Язык текста, звукозаписи и т.д. русский
Язык резюме английский
102 ## - СТРАНА ПУБЛИКАЦИИ ИЛИ ПРОИЗВОДСТВА
Страна публикации Российская Федерация
105 ## - ПОЛЕ КОДИРОВАННЫХ ДАННЫХ: ТЕКСТОВЫЕ МАТЕРИАЛЫ, МОНОГРАФИЧЕСКИЕ
Кодированные данные о монографическом текстовом документе a z 000yy
200 1# - ЗАГЛАВИЕ И СВЕДЕНИЯ ОБ ОТВЕТСТВЕННОСТИ
Основное заглавие VIII Международная межвузовская научно-практическая конференция, 16 декабря 2020 года
Первые сведения об ответственности под ред. С.В. Анчукова, О.Л. Некрасовой-Каратеевой
210 ## - ПУБЛИКАЦИЯ, РАСПРОСТРАНЕНИЕ И ДР.
Дата издания, распространения и т.д. 2020
Место издания, распространения и т.д. Б. м.
215 ## - ФИЗИЧЕСКАЯ ХАРАКТЕРИСТИКА
Специфическое обозначение материала и объем 560 с.
Другие сведения о физической характеристике ил.
Размеры 20
300 ## - ОБЩИЕ ПРИМЕЧАНИЯ
Текст примечания Рез. на англ. яз.
320 ## - ПРИМЕЧАНИЯ О НАЛИЧИИ В ДОКУМЕНТЕ БИБЛИОГРАФИИ / УКАЗАТЕЛЯ
Текст примечания Библиогр. в конце ст.
461 #0 - УРОВЕНЬ НАБОРА
Встроенное поле 001RU\NLR\INFOCOMM34\5000001280
-- 2001#$aИскусствознание и педагогика$eДиалектика, взаимосвязи и взаимодействия$eСб. науч. тр. преподавателей и студентов Фак. изобраз. искусства$fРос. гос. пед. ун-т им. А.И. Герцена$vВып. 8
Системный номер (АБИС) связанной записи 4141616
Место публикации СПб.
Дата публикации 2004 -
Первые сведения об ответственности Рос. гос. пед. ун-т им. А.И. Герцена
Имя издателя, распространителя и т.д. Экспресс
Сведения, относящиеся к заглавию Диалектика, взаимосвязи и взаимодействия : Сб. науч. тр. преподавателей и студентов Фак. изобраз. искусства
Заглавие Искусствознание и педагогика
Номер тома Вып. 8
702 #1 - ИМЯ ЛИЦА - ВТОРИЧНАЯ ОТВЕТСТВЕННОСТЬ
Начальный элемент ввода Анчуков
Часть имени, кроме начального элемента ввода С. В.
Код отношения Редактор
711 12 - НАИМЕНОВАНИЕ ОРГАНИЗАЦИИ - АЛЬТЕРНАТИВНАЯ ОТВЕТСТВЕННОСТЬ
Начальный элемент ввода "Искусствознание и педагогика. Диалектика взаимосвязи и взаимодействия", международная межвузовская научно-практическая конференция
Порядковый номер временной организации и / или порядковый номер ее части 8
Место проведения временной организации Санкт-Петербург
Дата проведения временной организации 2020
Системный номер авторитетной/нормативной записи 739746
Идентификатор авторитетной/нормативной записи RU\NLR\AUTH\880538138
852 ## - МЕСТОНАХОЖДЕНИЕ И ШИФР ХРАНЕНИЯ
Идентификатор организации NLR
Шифр хранения (Call Number) П31/597
942 ## - ДОПОЛНИТЕЛЬНЫЕ ЭЛЕМЕНТЫ ЗАПИСИ (АБИС)
Тип экземпляра АБИС Выпуск
980 ## - КОЛЛЕКЦИЯ
Название коллекции Национальная библиография
980 ## - КОЛЛЕКЦИЯ
Название коллекции Русская периодика

Нет доступных экземпляров.